=LDR 00000nam 2200000 4500 =001 INLIS000000000001675 =005 20130612090057 =008 ***********************************Ind** =035 ##$$0010-061300000001675 =041 ##$$a Ind =082 ##$$a 372.19 =090 ##$$a 372.19, Suw-s =100 ##$$a SUWARJO =245 ##$$a Satuan pelajaran untuk SD, Soewardjo =260 ##$$a 1996 $b Semarang =300 ##$$a ...jil, 28 cm\\ =650 ##$$a Kurikulum =650 ##$$a Pendidikan Dasar/SD =850 ##$$a NBPNMAT